000 00731nam a22001937a 4500
999 _c187841
_d187841
005 20220502120751.0
010 _aUR-11532
020 _c350.00
_a9789390789030
035 _aU-10087
037 _bDBAD/PUB
_a-
082 _a840.08
_2Ist
100 _aسيد ا سر ا ر ا لحق سبيلی
245 _aا د ب ا طفا ل کے چند گو شے
_cسيد ا سر ا ر ا لحق سبيلی
_hا ر د و
246 _bAdab Atfal Ke Chand Goshe(Urdu)
_aby Syed Israrul Haqu Sabili
260 _aDelhi
_bEducational Publishing House
_c2021ء
270 _a3191,Vakil Street, Kucha Pandit Lal Kuan ,
_bDelhi
_e110006
_k23216162
_l-
300 _a320 ص
_c22 Cm(Hb)
942 _2ddc
_cUR
_h840.08
_mا س ر